Statistics for Guess the Letter-shaped Flags #2

Click here to take the quiz!

General Stats

  • This quiz has been taken 79 times
  • The average score is 16 of 20

Answer Stats

Answer% Correct
Jamaica
99%
Albania
94%
South Korea
93%
Tunisia
88%
Croatia
87%
Kosovo
87%
Monaco
86%
Niger
86%
Spain
86%
Barbados
84%
Cuba
84%
Ethiopia
83%
Democratic Republic of the Congo
81%
Chad
80%
Thailand
78%
South Sudan
75%
Moldova
72%
Benin
70%
Mauritius
68%
Samoa
68%

Score Distribution

Percentile by Number Answered

Percent of People with Each Score

Your Score History

You have not taken this quiz